| 000 | 00535nam a22001937a 4500 | ||
|---|---|---|---|
| 003 | NUST - PNEC | ||
| 005 | 20170116180750.0 | ||
| 008 | 150309b xxu||||| |||| 00| 0 eng d | ||
| 020 | _a0030619025 | ||
| 040 | _cLIBRARY | ||
| 082 | _a327.73 SPA | ||
| 100 |
_91665 _aSpanier John |
||
| 245 |
_aAmerican foreign policy since world war II _cJohn Spanier |
||
| 250 | _a9th ed | ||
| 260 |
_aNew York _bHolt, Rinehart and Winston _cc1945. |
||
| 300 | _a324 p. : | ||
| 650 |
_91675 _ainternational relations _xGeneral |
||
| 942 |
_2ddc _cBK |
||
| 999 |
_c62530 _d62530 |
||